000
00282nam a22001337a 4500
008
251223b ||||| |||| 00| 0 eng d
020
_a
0895310775
041
_a
eng
080
_a
1st
100
_a
17
101
_a
art
245
_a
Bob Hope
_c
Piits Jr. Leonard
942
_2
udc
_c
BK
999
_c
60740
_d
60740